Guia de l'Arxiu Municipal del Districte de Sant Andreu / Núria Postico i Soler
Descripción Física:
63 p. : il. ; 21 cm
Colección:
Guies ; 1
MARC
| LEADER | 00000nam a2200000Ia 4500 | ||
|---|---|---|---|
| 001 | 11597 | ||
| 008 | 160829s9999 xx 000 0 cat d | ||
| 080 | |a A-2-86 | ||
| 100 | |a Postico i Soler, Núria |9 25296 | ||
| 245 | |a Guia de l'Arxiu Municipal del Districte de Sant Andreu / Núria Postico i Soler | ||
| 260 | |a Barcelona : |b Ajuntament de Barcelona, Arxiu Municipal, DL 1996 | ||
| 300 | |a 63 p. : |b il. ; |c 21 cm | ||
| 490 | |a Guies ; 1 | ||
| 590 | |a Bibliografia | ||
| 650 | |a Arxiu Municipal del Districte de Sant Andreu |x Guies |9 25297 | ||
| 710 | 2 | |a Arxiu Municipal de Barcelona |9 55021 | |
| 901 | |a Arxiu | ||
| 942 | |n 1 | ||
| 952 | |0 0 |1 0 |4 0 |6 A286 |7 1 |9 43539 |a Arxiu |b Arxiu |d 2016-12-01 |l 0 |o A-2-86 |p 11597 |r 2016-12-01 00:00:00 |w 2016-12-01 |y ARXIU | ||
| 999 | |c 46085 |d 46085 | ||